International Relations World Politics: Security Economy Identity (Record no. 7176)
[ view plain ]
| 000 -LEADER | |
|---|---|
| fixed length control field | 00535 a2200157 4500 |
| 040 ## - CATALOGING SOURCE | |
| Original cataloging agency | DLC |
| Language of cataloging | DLC |
| 082 ## - DEWEY DECIMAL CLASSIFICATION NUMBER | |
| Classification number | 327.101 |
| 100 ## - MAIN ENTRY--PERSONAL NAME | |
| Personal name | Viotti, Paul R. |
| 245 ## - TITLE STATEMENT | |
| Title | International Relations World Politics: Security Economy Identity |
| Statement of responsibility, etc. | Paul R. Viotti |
| 250 ## - EDITION STATEMENT | |
| Edition statement | 3rd. |
| 260 ## - PUBLICATION, DISTRIBUTION, ETC. | |
| Place of publication, distribution, etc. | Islamabad: |
| Name of publisher, distributor, etc. | National Book Foundation, |
| Date of publication, distribution, etc. | 1990. |
| 300 ## - PHYSICAL DESCRIPTION | |
| Extent | xvi, 584 p. : |
| Other physical details | ill. ; |
| Dimensions | 27 cm. |
| 500 ## - GENERAL NOTE | |
| General note | Includes Index |
| 650 ## - SUBJECT ADDED ENTRY--TOPICAL TERM | |
| Topical term or geographic name entry element | 1.World politics--1989.2.International relations.3.Security, International. 4.Nationalism. |
| 942 ## - ADDED ENTRY ELEMENTS (KOHA) | |
| Koha item type | Book |
| Call number prefix | 327.101 VIO |
| Source of classification or shelving scheme | |
| Withdrawn status | Lost status | Damaged status | Not for loan | Collection code | Permanent Location | Current Location | Shelving location | Date acquired | Source of acquisition | Cost, normal purchase price | Total Checkouts | Total Renewals | Full call number | Barcode | Date last seen | Date last checked out | Price effective from | Koha item type |
|---|---|---|---|---|---|---|---|---|---|---|---|---|---|---|---|---|---|---|
| Central Library (CL) | Central Library (CL) | General Stacks | 08/25/2008 | Donation | 0.00 | 5 | 1 | 327.101 VIO | SEECS009257 | 10/07/2024 | 10/20/2023 | 01/05/2017 | Book | |||||
| NUST Law School (NLS) | NUST Law School (NLS) | General Stacks | 08/25/2008 | Donation | 0.00 | 1 | 327.101 VIO | SEECS009256 | 06/07/2023 | 12/11/2015 | 01/05/2017 | Book |
